000 00760nam a2200229Ia 4500
001 14699
003 GE_BSU
008 181216s||||||||xx |||||||||||||| ||und||
040 _cGE_BSU
080 _a531(075.8)
100 _aБраниченко,Н.А. Кан,В.Л. Минцберг,Б.Л. и др.
245 _aСборник задач по теоретической механике.
245 _bУчебник.
245 _cРед. Ю.Ф.Бачарова.
250 _aИзд. второе, перераб. и дополн.
260 _aМ.
260 _bВысшая школа.
260 _c1967.
300 _a531 стр. 22 см.
653 _aСборник задач по теоретической механике.
942 _cBK
999 _c47825
_d47825